Manchester United Top 20 Highest Earning Footballers (2017) - Statistics

General Stats
  • This quiz has been taken 235 times
  • The average score is 12 of 20
Answer Stats
Position Weekly Salary Footballer % Correct
1st (Manager) £312,000 Mourinho
89%
2nd £290,000 Pogba
88%
4th £200,000 De Gea
85%
20th £65,000 Martial
75%
6th £140,000 Mata
73%
19th £70,000 Shaw
73%
3rd £250,000 Lukaku
71%
13th £80,000 Smalling
66%
10th £100,000 Lingard
60%
7th £140,000 Matic
60%
14th £80,000 Valencia
57%
16th £75,000 Bailly
55%
15th £75,000 Herrera
55%
9th £110,000 Young
53%
8th £120,000 Lindelof
48%
12th £80,000 Carrick
39%
11th £80,000 Fellaini
39%
18th £70.000 Rojo
37%
17th £75,000 Blind
34%
5th £140,000 Mkhitaryan
32%
No matching quizzes found
Score Distribution
Percent of People with Each Score
Percentile by Number Answered
Your Score History
You have not taken this quiz